000 01021cam a2200229 4500
001 L136767
008 070222n2007 000 0 eng u
020 _a9780952823636
035 _a(Sirsi) u136767
041 0 _aeng
050 0 4 _a692.5 $2 18
100 1 _aAston, Gordon
245 0 0 _aOne hundred years of quantity surveying
_bthe annals of Patterson and Kepster 1860 - 1960
260 _aDublin
_bHinds
_c2007
300 _axvi, 214p.
_c31cm.
505 2 _aFoundation: Patterson as sole proprietor -- Partnership: Patterson and Kempster 1872-1907 -- Partnership: Kempster and Anthony 1908-1918 -- Partnership: Anthony 1918-1948 -- Partnership: Anthony and Aston 1948-1955; Ashton 1955-1960
520 _aDiscusses the evolution of the surveying profession as experienced through the one hundred year history of a surveying firm. Discusses how contracts can be handled and how pricing can be calculated and fixed.
590 _aKA
651 4 _aIRELAND
690 _aQuantity surveying
_96263
942 _n0
999 _c106504
_d106504